| 000 | 01019pam a2200289 a 4500 | ||
|---|---|---|---|
| 001 | 3431586 | ||
| 003 | OSt | ||
| 005 | 20160506173749.0 | ||
| 008 | 910226s1991 enka b 001 0 eng | ||
| 010 | _a 91009816 | ||
| 020 | _a0412402904 (pbk.) | ||
| 040 |
_aDLC _cDLC _dDLC |
||
| 050 | 0 | 0 |
_aQD453.2 _b.L45 1991 |
| 082 | 0 | 0 |
_a546 _220 _bLEE 1991 |
| 100 | 1 |
_aLee, J. D. _q(John David), _d1931- _98539 |
|
| 245 | 1 | 0 |
_aConcise inorganic chemistry / _cJ.D. Lee. |
| 250 | _a4th ed. | ||
| 260 |
_aLondon ; _aNew York : _bChapman & Hall, _c1991. |
||
| 300 |
_axxxv, 1032 p. : _bill. ; _c25 cm. |
||
| 500 | _aRev ed. of: A new concise inorganic chemistry. 3rd ed. 1977. | ||
| 504 | _aIncludes bibliographical references and index. | ||
| 650 | 0 |
_aChemistry, Physical and theoretical. _92922 |
|
| 650 | 0 |
_aChemical bonds. _98540 |
|
| 906 |
_a7 _bcbc _corignew _d1 _eocip _f19 _gy-gencatlg |
||
| 942 |
_2ddc _cSLOAN |
||
| 999 |
_c3889 _d3889 |
||